000 00888nam a2200241 a 4500
001 000028039
003 OSt
005 20240412074253.0
008 110406s1906 cu 000 0 spa d
040 _aDO-SdBNP
_bspa
_cBNPHU
049 _aBNPD
082 4 _a750
_bH519w
_222
100 1 _aHenríquez Ureña, Max,
_d1885-1968
_92621
245 1 0 _aWhistler y Rodin :
_bconferencia pronunciada la noche del 22 de abril de 1906, en la Academia de dibujo y pintura "El Salvador" /
_cMax Henríquez Ureña.
260 _aLa Habana :
_bImpr. de Esteban Fernández,
_c1906.
300 _a19 p. ;
_c23 cm.
600 1 4 _aWhistler, James McNeill,
_d1834-1903
_955078
600 1 4 _aRodin, Auguste,
_d 1840-1917.
_925743
650 4 _aArtistas
_955079
_ySiglo XIX
_vEnsayos, conferencias, etc.
650 0 _aLiteratura dominicana.
_967
910 _aValidado. Control de calidad EMS
942 _2ddc
_cLBS1
999 _c27531
_d27531